| 000 | 007260000a22002290004500 | ||
|---|---|---|---|
| 003 | LK-CoMWRAF | ||
| 005 | 20231226233004.0 | ||
| 008 | 230817t1977 ||||| |||| 00| 0 eng d | ||
| 020 | _a0899081207 | ||
| 040 |
_aLK-CoMWRAF _dLK-CoMWRAF _eLK-CoMWRAF |
||
| 041 | _aeng | ||
| 082 |
_a201 _bPAI |
||
| 100 | _aPainter, Desmond | ||
| 245 | _aReligion | ||
| 260 |
_aLondon: _bGeorge G. Harrap & Co. Ltd, _c1977 |
||
| 300 | _a 32 p. : ill. ; 24 cm. | ||
| 490 | _a Greenhaven World History Program | ||
| 520 | _aBriefly discusses forms and functions of religious beliefs and organizations in world history, personal belief, and secularism | ||
| 650 | _aReligion -Juvenile literature | ||
| 700 | _aShepherd, John | ||
| 942 | _cBK | ||
| 999 |
_c2404 _d2404 |
||